000 00934nam a2200289 a 4500
003 AR-BaBNM
005 20251128204000.0
008 082120s2002 ||||||||||||||000 | spa||
040 _cAR-BaBNM
110 2 _aInstituto de Letras [Universidad Nacional del Litoral]
245 0 0 _aProyección del rosismo en la literatura argentina
_bseminario del Instituto de Letras
260 _aRosario
_bUniversidad Nacional del Litoral
_bFacultad de Filosofía y Letras
_c1959
300 _a245 p.
_bláms.
500 _aContiene referencias bibliográficas en p. 238
650 4 _aLITERATURA ARGENTINA
650 4 _aHISTORIA ARGENTINA
650 4 _aSOCIOLOGIA CULTURAL
650 4 _aCRITICA LITERARIA
650 4 _aROSAS Y SU TIEMPO
650 4 _aSIGLO DIECINUEVE
650 4 _aREACCIONES CONTRA ROSAS
650 4 _aESCRITORES
655 _aLITERATURA
700 1 _aPrieto, Adolfo
_eprologuista
942 _cBK
998 _cMARTIN
999 _c5705
_d5705